| 000 | 01284nam a22002417a 4500 | ||
|---|---|---|---|
| 999 |
_c58666 _d58666 |
||
| 003 | Ge_BSU | ||
| 005 | 20220623142546.0 | ||
| 008 | 220623s2020 ge ||||| |||| 00| 0 geo d | ||
| 020 | _a9789941809460 | ||
| 041 | _ageo | ||
| 080 | _a1(430)+ 821.14'01.09-21 +78.01 ნ-75 | ||
| 100 |
_aნიცშე, ფრიდრიხ _95541 |
||
| 245 |
_aტრაგედიის დაბადება მუსიკის სულიდან / _cფრიდრიხ ნიცშე ; გერმანულიდან თარგმნა ვახტანგ გორგიშელმა. |
||
| 264 |
_aთბილისი : _b აქტი, _c2020. |
||
| 300 |
_a162 გვ. ; _b20 სმ. |
||
| 500 | _aშენიშვნები: გვ. 159-160. | ||
| 653 | _aგერმანული ფილოსოფია | ||
| 653 | _aლიტერატურის ისტორია დ კრიტიკა | ||
| 653 | _aბერძნული ტრაგედია | ||
| 653 | _aმუსიკის თეორია და ფილისოფია | ||
| 700 |
_aგორგიშელი, ვახტანგ _eმთარგმნელი, წინასიტყვაობის ავტორი _913944 |
||
| 942 |
_2udc _cBK |
||